• 首页
  • 本馆介绍
  • 公告通知
  • 最新文献
  • 馆藏检索
  • 电子资源
  • 读者导购
  • 参考咨询
  • 我的图书馆
  • 登录
  • 详细信息显示
  • 放入我的书架
  • 预约/预借图书
  • 作者相关作品
  • 分类相关作品
  • 丛书相关作品
  • 出版社相关作品

书目信息

  • 表格格式
  • 工作单格式
  • 卡片格式
题名:
论马列主义基础
    
 
作者: 斯大林 著
分册:  
出版信息:   外国文书籍出版局  1950
页数: 200页
开本: 20cm
丛书名:
单 册:
中图分类: A36
科图分类:
主题词: 斯大林著作--专题汇编
电子资源:
ISBN:
000 00486nam0 2200169 450
001 0664480718
005 20060814175609.12
100    @a20060814d1950 km y0chiy0120 ea
101 0  @achi
200 1  @a论马列主义基础@a论列宁主义的几个问题@Alun ma lie zhu yi ji chu@f斯大林著@Fsi da lin zhu
210    @c外国文书籍出版局@d1950
215    @a200页@d20cm
606 0  @a斯大林著作@x专题汇编
690    @aA36@v3
701  0 @a斯大林@Asi da lin@4著
801  0 @aCN@bPFT@c20060814
905    @a10447@dA36@e16
    
    论马列主义基础;论列宁主义的几个问题/斯大林著.-外国文书籍出版局,1950
    200页;20cm
    
    
    ISBN :
    
●
相关链接 在E读中查询图书 在五车中查询图书 在当当中查询图书 在豆瓣中查询图书


正题名:论马列主义基础     索取号:A36/16         预约/预借

序号 登录号 条形码 馆藏地/架位号 状态 备注
1 0460026   204600262   密集书库/ [索取号:A36/16] 在馆    
唐山师范学院图书馆 欢迎您!
大连网信软件有限公司© 版权所有